000 00392nam a2200169Ia 4500
001 12881
003 IN-NITTTR
005 20251114233121.0
008 251113s9999||||xx |||||||||||||| ||eng||
040 _beng
040 _cIN-NITTTR
041 _aeng
082 _a006.6 M891E
100 _aMufti, Aftab A.
245 0 _aElementary computer graphics /
_cMufti, Aftab A.
942 _2ddc
_cBK
999 _c15517
_d15517